| 000 | 00602nam a22002052 4500 | ||
|---|---|---|---|
| 001 | 0000000644 | ||
| 005 | 20151217151752.0 | ||
| 008 | 070213s xx 000 0 eng d | ||
| 020 |
_a0849918170 : _cKES 2,950 |
||
| 040 |
_aKABU _cKABU |
||
| 050 | 0 |
_aBR1642 _b.U5C36 |
|
| 100 | 1 |
_aCampolo, Tony. _@0000148906 |
|
| 245 | 1 | 0 |
_aSpeaking my mind / _cTony Campolo. |
| 260 |
_aNashville, Tennessee : _bWord Publishing, _c2004. |
||
| 300 | _axiv, 240 p. | ||
| 650 | 0 |
_aEvangelicalism _zUnited States. _@0000148907 |
|
| 908 | _a070213 | ||
| 950 | _@1 | ||
| 999 |
_c4841 _d4841 |
||